00906nam a22002777a 4500003000900000005001700009008003500026020001500061040002200076041001300098082001700111100001800128245011500146246003400261250001100295260004200306300002800348500002600376700003100402910001000433942001200443945002800455952010600483956002400589999001500613DO-SdBNP20180226132350.0151127b 2006 pn a 00| 0 spa d a9962629373 aBPMSUbspacBPMSU17aspaheng 4axxxxxbxxxxx1 aAlvarado, Pat10aCandy la cucaracha generosa = Candy the generous cockroach /cPat Alvarado ; ilustración Andrea E. Alvarado.10aCandy the generous cockroach  a2a ed. aPanama : bPiggy Press Books, c2006. a31 p. :bil. ;c20 cm.  aTextos en dos idiomas1 aAlvarado, Andrea E.,eil. a00260 2ddccBK aInventariado, 2018 / BT 00102ddc40708CI-GaBPMETbBPMETd2015-11-27eABINIAl0pBPMSU15110524r2015-11-27w2015-11-27yBK aLorenza Pérezb10 c8943d8943